Svedomitou prácou k posilneniu mieru

Bibliographic Details
Main Author: vsg (Author)
Format: Article
Language:Slovak
Subjects:

MARC

LEADER 00000nab a2200000 a 4500
001 vtls000181645
003 SK-MaSNL
005 20260305030234.0
008 111104c1984 xo 0 slo
015 |a SNBRB19rr/mm-uuuuu 
035 |a CL0191758 
040 |a SNKBUCL  |b slo  |c SNKBUCL  |e AACR2 
041 0 |a slo 
044 |a xo  |c SK 
080 |a 327.37  |2 1981 
100 1 |a vsg  |4 aut  |9 921680 
245 1 0 |a Svedomitou prácou k posilneniu mieru  |c vsg 
650 0 7 |a mier  |2 snkbucl  |9 1720 
650 0 7 |a boj za mier  |2 snkbucl  |9 308624 
651 7 |a 5200  |2 snkbucl  |9 352126 
651 7 |a Západoslovenský kraj (Slovensko)  |2 snkbucl  |9 161528 
655 7 |a články z novín a časopisov  |2 snkbucl  |9 267496 
773 0 |t Hlas ľudu  |g Roč. 30, č. 81 (4. 4. 1984), s. 3 
850 |a Slovenská národná knižnica v Martine  |a MTA001 
852 |a SNK  |b KIS3GCP 
958 |a RK 
992 |a RBX 
999 |c 3310049  |d 3311979